00633nam a2200205Ia 4500001000700000003000500007008004100012010001100053020001800064040000900082082001600091100002000107245009600127250001100223260004400234300001100278503001900289650001900308700010000327Z_2906CHAP220113s1978 xx 000 0 und d a165987 a0-8121-0628-8 cCHAP a636.214 B38 aBath, Donald L. aDairy cattle : principles, practices, problems, profits /cby Donald L. Bath; [et. ál.] a2a ed. aPhiladelphia :bLea and Febiger,c1978 a574 p. a118282, 135653 aGanado lechero aI. Dickinson, Frank N. coautor II. Trucker, H. Allen, coautor III. Appleman, Robert D., coautor